000 00336nam a2200145Ia 4500
008 191201s2011 xx 000 0 und d
082 _a301
_bVII
100 _aBHUSHAN, Vidya
245 0 _aIntroduction to Sociology
250 _a14th
260 _aN. Delhi
_bKitab Mahal
_c2011
300 _a936+76
650 _aMBA
942 _2ddc
_cBK
999 _c5201
_d5201